UBT Library

CAMPBELL'S OPERATIVE ORTHOPAEDICS (Record no. 58393)

000 -LEADER
fixed length control field 00345nam a22001457a 4500
008 - FIXED-LENGTH DATA ELEMENTS--GENERAL INFORMATION
fixed length control field 221006b ||||| |||| 00| 0 eng d
020 ## - INTERNATIONAL STANDARD BOOK NUMBER
International Standard Book Number 0801610966
041 ## - LANGUAGE CODE
Language code of text/sound track or separate title eng
080 ## - UNIVERSAL DECIMAL CLASSIFICATION NUMBER
Edition identifier EIGHTH EDITION
Universal Decimal Classification number 617
082 ## - DEWEY DECIMAL CLASSIFICATION NUMBER
Classification number 617 CRE
100 ## - Rafti
Rafti 15.1
101 ## - Shkurtesa
Shkurtesa ORTO
245 ## - TITLE STATEMENT
Title CAMPBELL'S OPERATIVE ORTHOPAEDICS
Statement of responsibility, etc CRENSHAW A.H
942 ## - ADDED ENTRY ELEMENTS (KOHA)
Source of classification or shelving scheme
Item type Books
Holdings
Withdrawn status Lost status Source of classification or shelving scheme Damaged status Not for loan Collection code Permanent location Current location Date acquired Total Checkouts Full call number Barcode Date last seen Price effective from Koha item type
          Koleksioni i përgjithshem UBT - Lipjan UBT - Lipjan 10/06/2022   617 CRE VOLUM FOUR 002-800028700132 10/06/2022 10/06/2022 Books
          Koleksioni i përgjithshem UBT - Lipjan UBT - Lipjan 10/06/2022   617 CRE VOLUM FIVE 002-800028700133 10/06/2022 10/06/2022 Books
UBT Library © 2015-2024. All rights reserved University Education for Business and Technology